La sainte Bible : (رقم التسجيلة. 159211)
[ عرض عادي ]
| 000 -LEADER | |
|---|---|
| fixed length control field | 01276cam a22003254a 4500 |
| 008 - FIXED-LENGTH DATA ELEMENTS--GENERAL INFORMATION | |
| fixed length control field | 210313s1866 fr a 000 0 fre |
| 010 ## - LIBRARY OF CONGRESS CONTROL NUMBER | |
| LC control number | 81481883 |
| 040 ## - CATALOGING SOURCE | |
| Original cataloging agency | DLC |
| Language of cataloging | eng |
| Transcribing agency | DLC |
| Modifying agency | DLC |
| Transcribing agency | EG-GiCUC |
| 041 ## - LANGUAGE CODE | |
| Language code of text/sound track or separate title | fre |
| -- | lat |
| -- | heb |
| 050 00 - LIBRARY OF CONGRESS CALL NUMBER | |
| Classification number | BS228 |
| Item number | 1866 |
| 092 04 - LOCALLY ASSIGNED DEWEY CALL NUMBER (OCLC) | |
| Classification number | 272.1541 |
| Item number | B58212 |
| Edition number | 21 |
| 099 ## - LOCAL FREE-TEXT CALL NUMBER (OCLC) | |
| Classification number | 04 |
| -- | 272.1541 B58212 |
| 130 0# - MAIN ENTRY--UNIFORM TITLE | |
| Uniform title | Bible. |
| Language of a work | French. |
| 245 13 - TITLE STATEMENT | |
| Title | La sainte Bible : |
| Remainder of title | selon la Vulgate / |
| Statement of responsibility, etc. | traduction nouvelle ; aves les dessins de Gustave Dore{u00B4}. |
| 260 ## - PUBLICATION, DISTRIBUTION, ETC. | |
| Place of publication, distribution, etc. | Tours : |
| Name of publisher, distributor, etc. | Alfred Mame et fils, |
| Date of publication, distribution, etc. | 1866. |
| 300 ## - PHYSICAL DESCRIPTION | |
| Extent | 2 v. : |
| Other physical details | 228 ill. ; |
| Dimensions | 43 cm. |
| 500 ## - GENERAL NOTE | |
| General note | Includes Apocrypha. |
| 500 ## - GENERAL NOTE | |
| General note | Plates engraved from Dore{u00B4}'s drawings by H. Pisan and others. |
| 500 ## - GENERAL NOTE | |
| General note | Translators identified in another issue as J.-J. Bourasse{u00B4} and P. Janvier. |
| 546 ## - LANGUAGE NOTE | |
| Language note | The text is in French, Hebrew and Italian |
| 630 00 - SUBJECT ADDED ENTRY--UNIFORM TITLE | |
| Uniform title | Bible |
| General subdivision | Translations into French. |
| 700 1# - ADDED ENTRY--PERSONAL NAME | |
| Personal name | Bourasse{u00B4}, J.-J. |
| Fuller form of name | (Jean-Jacques), |
| Dates associated with a name | 1813-1872. |
| 700 1# - ADDED ENTRY--PERSONAL NAME | |
| Personal name | Dore{u00B4}, Gustave, |
| Dates associated with a name | 1832-1883. |
| 700 1# - ADDED ENTRY--PERSONAL NAME | |
| Personal name | Janvier, Pierre De{u00B4}sire{u00B4}, |
| Dates associated with a name | 1817-1888. |
| 902 ## - LOCAL DATA ELEMENT B, LDB (RLIN) | |
| No. of Items | 1 |
| 905 ## - LOCAL DATA ELEMENT E, LDE (RLIN) | |
| Cataloger | Amro L. |
| Reviser | Cat. |
| 905 ## - LOCAL DATA ELEMENT E, LDE (RLIN) | |
| Cataloger | Jehan |
| Reviser | Rev. |
| 942 ## - ADDED ENTRY ELEMENTS (KOHA) | |
| Source of classification or shelving scheme | Dewey Decimal Classification |
| Koha item type | |
لا توجد مواد متاحة.